000 00299 a2200145 4500
001 194884
040 _cMagnum
100 _aCanton, Katia
240 1 0 _aNino quer um amigo
_lpor
245 1 0 _aNino quer um amigo
300 _a10
362 0 _a2007
697 _aLITERATURA INFANTIL
942 _cBK
999 _c194884
_d194884